| 000 | 00430nam a22001697a 4500 | ||
|---|---|---|---|
| 003 | CEME | ||
| 005 | 20210628204038.0 | ||
| 008 | 210114b xxu||||| |||| 00| 0 eng d | ||
| 020 | _a978184895001 | ||
| 040 | _cceme | ||
| 082 | _a006.6 AGO | ||
| 100 |
_aAgoston, Maz K _968422 |
||
| 245 | _aComputer graphics and geometric modeling , mathematics | ||
| 260 |
_aINDIA _bSPRINGER _c2005 |
||
| 300 | _aXIV, 957P | ||
| 942 |
_cBK _2ddc |
||
| 999 |
_c576006 _d576006 |
||